| 000 | 00637nam a2200205Ia 4500 | ||
|---|---|---|---|
| 005 | 20250508161034.0 | ||
| 008 | 008 250505s9999 xx 000 0 eng d | ||
| 020 | _a0-7100-0068-5 | ||
| 037 | _aTextual | ||
| 040 |
_aFEDL _beng _cFEDL |
||
| 041 |
_aeng _2eng |
||
| 084 |
_a158.12, RUS _qFEDL |
||
| 100 | _aRussell Peter | ||
| 245 | 0 | _aTM technique : An introduction to transcendental meditation and the teachings of Maharishi Mahesh Yogi | |
| 260 |
_aLondon, UK _bRoutledge and Kegan Paul _c1978 |
||
| 300 | _axi,205p. | ||
| 650 | _aApplied Psychology | ||
| 942 |
_cTEXL _h158.12, RUS |
||
| 999 |
_c1368078 _d1368078 |
||